| 000 | 00827nam a2200229Ia 4500 | ||
|---|---|---|---|
| 001 | 10206 | ||
| 003 | GE_BSU | ||
| 008 | 181216s||||||||xx |||||||||||||| ||und|| | ||
| 040 | _cGE_BSU | ||
| 080 | _a94(479.22)"1941–1945 | ||
| 100 | _aსიხარულიძე,ვახტანგ | ||
| 245 | _aფრონტზე და მტრის ზურგში | ||
| 245 | _bდოკ.მოთხრობები | ||
| 245 | _cრედ:ნ.ლორთქიფანიძე;მხატვ:დ.ზარაფიშვილი. | ||
| 260 | _aთბილისი | ||
| 260 | _bნაკადული | ||
| 260 | _c1977 | ||
| 300 | _a109გვ;20სმ. | ||
| 653 | _aდოკ.მოთხრობები | ||
| 653 | _aფრონტზე და მტრის ზურგში | ||
| 942 | _cBK | ||
| 999 |
_c43475 _d43475 |
||